| 000 | 00635nam a2200193 a 4500 | ||
|---|---|---|---|
| 001 | 000011705 | ||
| 005 | 20250310135155.0 | ||
| 008 | 091026s1974 sp 001 0 spa d | ||
| 040 |
_aDO-SdBNP _bspa _cBNPHU |
||
| 082 |
_a926.1 _bK79m |
||
| 100 | 1 |
_akohtz, Harald _927740 |
|
| 245 | 1 | 0 |
_aMédicos de cámara : _b20 esbozos bibliográficos de 5 siglos. Antología, a propósito fragmetaria / _cHarald kohtz. |
| 260 |
_aEspaña : _bBoehringer Ingelheim, _c1974. |
||
| 300 |
_a47 p. : _bil. ; _c27 cm. |
||
| 650 | 4 |
_aMedicos _vBIOGRAFÍAS _97152 |
|
| 650 | 4 |
_aReyes y soberanos _927741 |
|
| 650 | 0 |
_aAtención médica _914447 |
|
| 049 | _aBNGR | ||
| 999 |
_c11383 _d11383 |
||